The night of the iguana

Wedi'i Gadw mewn:
Manylion Llyfryddiaeth
Prif Awdur: Williams, Tennessee (Awdur)
Fformat: Llyfr
Iaith:Saesneg
Cyhoeddwyd: Nueva York New Directions 1962
Pynciau:
Tagiau: Ychwanegu Tag
Dim Tagiau, Byddwch y cyntaf i dagio'r cofnod hwn!

MARC

LEADER 00000nam a2200000 a 4500
001 UCQ2452
003 CL-VaPUC
008 980724e19620000US |||||||||||||||||eng|d
082 0 4 |a 812  |b WIL  |2 21 
100 0 |a Williams, Tennessee  |e author  |9 362698 
245 1 4 |a The night of the iguana 
300 |a 128 p 
942 |c BK 
945 |d 19980724 00:00:00  |a crobeson 
260 |a Nueva York  |b New Directions  |c 1962 
650 7 |a DRAMAS ESTADOUNIDENSES  |2 CL-VaPUC  |9 267218 
650 0 |a Literatura estadounidense  |9 317168 
583 |a last modification  |c 19980724 00:00:00  |k Rodrigo Vera 
999 |c 273273  |d 273271 
952 |0 0  |1 0  |4 0  |6 812_000000000000000_WIL_1962  |7 0  |8 A  |9 308697  |a BIBEDU  |b BIBEDU  |d 2019-11-20  |i 1445715  |o 812 WIL 1962  |p 1445715  |r 2019-11-20  |w 2019-11-20  |y BK  |k LIT